000 00202nam a22000977a 4500
082 _a001
_bSIE/G
100 S _aGOVT. OF INDIA
245 _aSIET KERALA, GENERAL SUBJECTS
520 _aREFERENCE
942 _cBK
999 _c7954
_d7954